[Event "VI Obert Internacional Alberic"]
[Site "Alberic"]
[Date "2018.06.30"]
[Round "1.1"]
[White "Plaskett, H James"]
[Black "Minguez Piquer, Joaquim"]
[Result "1-0"]
[BlackElo "1786"]
[WhiteElo "2455"]
[LiveChessVersion "1.4.8"]

1. c4 {[%clk 0:07:01]} Nf6 {[%clk 0:07:03]} 2. Nc3 {[%clk 0:07:04]} g6
{[%clk 0:07:04]} 3. e4 {[%clk 0:07:04]} d6 {[%clk 0:06:58]} 4. d4
{[%clk 0:07:05]} Bg7 {[%clk 0:06:59]} 5. f3 {[%clk 0:07:06]} O-O {[%clk 0:06:55]}
6. Nge2 {[%clk 0:07:08]} e5 {[%clk 0:06:54]} 7. d5 {[%clk 0:07:09]} c6
{[%clk 0:06:45]} 8. Bg5 {[%clk 0:07:07]} Nbd7 {[%clk 0:06:31]} 9. dxc6
{[%clk 0:07:04]} bxc6 {[%clk 0:06:29]} 10. Qxd6 {[%clk 0:07:05]} h6
{[%clk 0:06:14]} 11. Be3 {[%clk 0:07:07]} Bb7 {[%clk 0:06:08]} 12. Rd1
{[%clk 0:07:02]} Qc8 {[%clk 0:05:48]} 13. Nc1 {[%clk 0:06:51]} Re8
{[%clk 0:05:48]} 14. Nb3 {[%clk 0:06:51]} Re6 {[%clk 0:05:41]} 15. Qd2
{[%clk 0:06:53]} Bf8 {[%clk 0:05:29]} 16. Bxh6 {[%clk 0:06:53]} Rd6
{[%clk 0:05:18]} 17. Qc1 {[%clk 0:06:52]} Bxh6 {[%clk 0:05:03]} 18. Qxh6
{[%clk 0:06:53]} Rxd1+ {[%clk 0:04:56]} 19. Nxd1 {[%clk 0:06:52]} Nb6
{[%clk 0:04:44]} 20. Qe3 {[%clk 0:06:51]} Qe6 {[%clk 0:04:31]} 21. Nc5
{[%clk 0:06:48]} Qe7 {[%clk 0:04:32]} 22. Nc3 {[%clk 0:06:48]} Rd8
{[%clk 0:04:27]} 23. Be2 {[%clk 0:06:48]} Rd4 {[%clk 0:04:19]} 24. Nb3
{[%clk 0:06:46]} Nxc4 {[%clk 0:04:17]} 25. Bxc4 {[%clk 0:06:47]} Rxc4
{[%clk 0:04:18]} 26. Qxa7 {[%clk 0:06:48]} Ne8 {[%clk 0:04:00]} 27. O-O
{[%clk 0:06:46]} Rb4 {[%clk 0:03:11]} 28. Rd1 {[%clk 0:06:47]} Qc7
{[%clk 0:03:05]} 29. Qc5 {[%clk 0:06:45]} Rb6 {[%clk 0:02:50]} 30. Nd5
{[%clk 0:06:43]} cxd5 {[%clk 0:02:43]} 31. exd5 {[%clk 0:06:28]} Qxc5+
{[%clk 0:02:32]} 32. Nxc5 {[%clk 0:06:29]} Nd6 {[%clk 0:02:24]} 33. b3
{[%clk 0:06:31]} Bc8 {[%clk 0:02:22]} 34. a4 {[%clk 0:06:24]} Kf8
{[%clk 0:02:16]} 35. Rc1 {[%clk 0:06:06]} Ke7 {[%clk 0:02:11]} 36. Kf2
{[%clk 0:05:44]} f5 {[%clk 0:02:08]} 37. Ke3 {[%clk 0:05:40]} f4+
{[%clk 0:02:01]} 38. Kd3 {[%clk 0:05:41]} Bf5+ {[%clk 0:02:03]} 39. Kc3
{[%clk 0:05:43]} g5 {[%clk 0:01:49]} 40. Re1 {[%clk 0:05:43]} Kf6
{[%clk 0:01:41]} 41. a5 {[%clk 0:05:44]} Rb5 {[%clk 0:01:30]} 42. b4
{[%clk 0:05:47]} Nb7 {[%clk 0:01:21]} 43. Nxb7 {[%clk 0:04:55]} Rxb7
{[%clk 0:01:23]} 44. a6 {[%clk 0:04:57]} Rc7+ {[%clk 0:01:11]} 45. Kb2
{[%clk 0:04:40]} g4 {[%clk 0:01:05]} 46. Ra1 {[%clk 0:04:23]} Ra7
{[%clk 0:00:59]} 47. d6 {[%clk 0:01:20]} Ke6 {[%clk 0:00:39]} 48. b5
{[%clk 0:01:19]} Bd3 {[%clk 0:00:25]} 49. d7 {[%clk 0:01:16]} Kxd7
{[%clk 0:00:10]} 50. Rd1 {[%clk 0:01:18]} e4 {[%clk 0:00:12]} 51. fxe4 f3 52.
Rxd3+ {[%clk 0:01:17]} f2 {[%clk 0:00:07]} 1-0

[Event "VI Obert Internacional Alberic"]
[Site "Alberic"]
[Date "2018.06.30"]
[Round "1.2"]
[White "Sanchis Hernandez, Sergi"]
[Black "Granero Roca, Antonio"]
[Result "0-1"]
[BlackElo "2390"]
[WhiteElo "1766"]
[LiveChessVersion "1.4.8"]

1. e4 {[%clk 0:07:03]} c5 {[%clk 0:07:02]} 2. Nf3 {[%clk 0:07:04]} Nc6
{[%clk 0:07:03]} 3. d4 {[%clk 0:07:06]} cxd4 {[%clk 0:07:03]} 4. Nxd4
{[%clk 0:07:07]} g6 {[%clk 0:07:04]} 5. Nc3 {[%clk 0:07:05]} Bg7 {[%clk 0:07:04]}
6. Be3 {[%clk 0:07:02]} Nf6 {[%clk 0:07:03]} 7. f3 {[%clk 0:07:02]} O-O
{[%clk 0:07:02]} 8. Qd2 {[%clk 0:07:02]} d5 {[%clk 0:06:59]} 9. O-O-O
{[%clk 0:06:50]} dxe4 {[%clk 0:06:57]} 10. fxe4 {[%clk 0:06:21]} Ng4
{[%clk 0:06:44]} 11. Nxc6 {[%clk 0:05:45]} Qxd2+ {[%clk 0:06:40]} 12. Rxd2
{[%clk 0:05:27]} bxc6 {[%clk 0:06:28]} 13. Bd4 {[%clk 0:05:13]} Bh6
{[%clk 0:06:21]} 14. h3 {[%clk 0:04:31]} Rd8 {[%clk 0:05:43]} 15. hxg4
{[%clk 0:04:12]} Bxd2+ {[%clk 0:05:44]} 16. Kxd2 {[%clk 0:04:10]} Rxd4+
{[%clk 0:05:44]} 17. Ke3 {[%clk 0:03:48]} e5 {[%clk 0:05:44]} 18. Be2
{[%clk 0:03:29]} Be6 {[%clk 0:05:41]} 19. b3 {[%clk 0:03:18]} Kg7
{[%clk 0:05:37]} 20. Na4 {[%clk 0:03:15]} Rad8 {[%clk 0:05:27]} 21. Nc5
{[%clk 0:03:05]} Bc8 {[%clk 0:05:28]} 22. c3 {[%clk 0:02:40]} Rd2
{[%clk 0:05:04]} 23. a4 {[%clk 0:02:31]} Rc2 {[%clk 0:04:59]} 24. c4
{[%clk 0:02:20]} Rc3+ {[%clk 0:04:55]} 25. Bd3 {[%clk 0:02:03]} f5
{[%clk 0:04:16]} 26. Kd2 {[%clk 0:01:57]} Rcxd3+ {[%clk 0:04:16]} 27. Nxd3
{[%clk 0:01:57]} fxe4 {[%clk 0:04:18]} 28. Ke1 0-1

[Event "VI Obert Internacional Alberic"]
[Site "Alberic"]
[Date "2018.06.30"]
[Round "1.3"]
[White "Diaz Velandia, Jose Manuel"]
[Black "Vidal Maiques, Jose Antonio"]
[Result "1-0"]
[BlackElo "1756"]
[WhiteElo "2359"]
[LiveChessVersion "1.4.8"]

1. d4 {[%clk 0:07:05]} f5 {[%clk 0:07:04]} 2. e4 {[%clk 0:07:06]} fxe4
{[%clk 0:07:01]} 3. Nc3 {[%clk 0:07:08]} Nf6 {[%clk 0:06:59]} 4. Bg5
{[%clk 0:07:09]} d5 {[%clk 0:06:25]} 5. Bxf6 {[%clk 0:07:09]} exf6
{[%clk 0:06:02]} 6. Qh5+ {[%clk 0:07:10]} g6 {[%clk 0:06:00]} 7. Qxd5
{[%clk 0:07:11]} Bb4 {[%clk 0:02:30]} 8. Qxe4+ {[%clk 0:07:12]} Qe7
{[%clk 0:02:26]} 9. Qxe7+ {[%clk 0:07:14]} Kxe7 {[%clk 0:02:28]} 10. O-O-O
{[%clk 0:07:11]} Rd8 {[%clk 0:01:56]} 11. Bc4 {[%clk 0:07:10]} c6
{[%clk 0:01:57]} 12. Nf3 {[%clk 0:07:11]} Bg4 {[%clk 0:01:57]} 13. Rhe1+
{[%clk 0:07:13]} Kf8 {[%clk 0:01:58]} 14. Re3 {[%clk 0:07:12]} Nd7
{[%clk 0:01:53]} 15. h3 {[%clk 0:07:14]} Bxf3 {[%clk 0:01:49]} 16. Rxf3
{[%clk 0:07:15]} Kg7 {[%clk 0:01:46]} 17. a3 {[%clk 0:07:13]} Bxc3
{[%clk 0:01:27]} 18. Rxc3 {[%clk 0:07:15]} Re8 {[%clk 0:01:24]} 19. Re3
{[%clk 0:07:07]} Nb6 {[%clk 0:01:23]} 20. Bb3 {[%clk 0:07:09]} Nd5
{[%clk 0:01:23]} 21. Bxd5 {[%clk 0:07:09]} cxd5 {[%clk 0:01:24]} 22. Rde1
{[%clk 0:07:11]} Rxe3 {[%clk 0:01:15]} 23. Rxe3 {[%clk 0:07:13]} Kf7
{[%clk 0:01:17]} 24. Rc3 {[%clk 0:07:15]} Re8 {[%clk 0:01:05]} 25. Rc7+
{[%clk 0:07:17]} Re7 {[%clk 0:01:04]} 26. Rxe7+ {[%clk 0:07:18]} Kxe7
{[%clk 0:01:06]} 27. Kd2 {[%clk 0:07:20]} h5 {[%clk 0:01:03]} 28. Kd3
{[%clk 0:07:22]} Ke6 {[%clk 0:01:03]} 29. c4 {[%clk 0:07:24]} dxc4+
{[%clk 0:01:00]} 30. Kxc4 {[%clk 0:07:25]} b6 {[%clk 0:00:57]} 31. d5+
{[%clk 0:07:21]} Ke5 {[%clk 0:00:55]} 32. f4+ {[%clk 0:07:23]} Kd6
{[%clk 0:00:52]} 33. Kd4 {[%clk 0:07:25]} h4 {[%clk 0:00:46]} 34. b4
{[%clk 0:07:26]} b5 {[%clk 0:00:46]} 35. f5 {[%clk 0:07:02]} gxf5
{[%clk 0:00:19]} 36. Ke3 {[%clk 0:07:04]} Kxd5 {[%clk 0:00:19]} 37. Kf4
{[%clk 0:07:06]} Kc4 {[%clk 0:00:16]} 38. g3 {[%clk 0:07:03]} hxg3
{[%clk 0:00:07]} 39. Kxg3 {[%clk 0:07:05]} Kd5 {[%clk 0:00:06]} 40. Kf4
{[%clk 0:07:04]} Ke6 {[%clk 0:00:04]} 41. h4 {[%clk 0:07:06]} Kf7 42. Kxf5 1-0

[Event "VI Obert Internacional Alberic"]
[Site "Alberic"]
[Date "2018.06.30"]
[Round "1.4"]
[White "Lluch Ventura, Enrique"]
[Black "Torres Sanchez, Jose"]
[Result "1-0"]
[BlackElo "2357"]
[WhiteElo "1722"]
[LiveChessVersion "1.4.8"]

1. d4 {[%clk 0:07:03]} d6 {[%clk 0:07:05]} 2. Bf4 {[%clk 0:07:03]} f5
{[%clk 0:07:07]} 3. e3 {[%clk 0:06:58]} Nf6 {[%clk 0:07:08]} 4. Nf3
{[%clk 0:06:59]} g6 {[%clk 0:07:09]} 5. c4 {[%clk 0:06:48]} Bg7 {[%clk 0:07:11]}
6. Nc3 {[%clk 0:06:49]} O-O {[%clk 0:07:12]} 7. Be2 {[%clk 0:06:50]} e6
{[%clk 0:06:16]} 8. h3 {[%clk 0:06:14]} Qe7 {[%clk 0:06:18]} 9. O-O
{[%clk 0:05:59]} b6 {[%clk 0:06:11]} 10. Qc2 {[%clk 0:05:35]} Bb7
{[%clk 0:06:12]} 11. b4 {[%clk 0:05:21]} a6 {[%clk 0:06:05]} 12. Rac1
{[%clk 0:04:59]} Nbd7 {[%clk 0:06:07]} 13. Na4 {[%clk 0:04:38]} e5
{[%clk 0:06:07]} 14. Bh2 {[%clk 0:04:13]} Kh8 {[%clk 0:05:19]} 15. c5
{[%clk 0:04:08]} Be4 {[%clk 0:05:06]} 16. Qd2 {[%clk 0:03:40]} Bc6
{[%clk 0:03:46]} 17. cxd6 {[%clk 0:03:29]} Qxd6 {[%clk 0:03:42]} 18. Nb2
{[%clk 0:02:23]} Ne4 {[%clk 0:03:40]} 19. Qc2 {[%clk 0:02:16]} Bb5
{[%clk 0:03:39]} 20. Nc4 {[%clk 0:01:40]} Qxb4 {[%clk 0:03:27]} 21. Ncxe5
{[%clk 0:01:32]} Nxe5 {[%clk 0:03:19]} 22. Nxe5 {[%clk 0:01:25]} Bxe2
{[%clk 0:03:14]} 23. Qxe2 {[%clk 0:01:20]} c5 {[%clk 0:02:36]} 24. dxc5
{[%clk 0:01:02]} Nxc5 {[%clk 0:02:30]} 25. Qc4 {[%clk 0:00:47]} Qxc4
{[%clk 0:02:28]} 26. Rxc4 {[%clk 0:00:49]} Rfd8 {[%clk 0:02:22]} 27. Nf7+
{[%clk 0:00:49]} Kg8 {[%clk 0:02:23]} 28. Nxd8 {[%clk 0:00:50]} Rxd8
{[%clk 0:02:25]} 29. Rb1 {[%clk 0:00:41]} Rd2 {[%clk 0:02:15]} 30. Bg3
{[%clk 0:00:33]} Rxa2 {[%clk 0:01:30]} 31. Rxb6 {[%clk 0:00:30]} Ra1+
{[%clk 0:00:59]} 32. Kh2 {[%clk 0:00:30]} Nd7 {[%clk 0:00:52]} 33. Rb7
{[%clk 0:00:28]} Rd1 {[%clk 0:00:49]} 34. Rcc7 {[%clk 0:00:27]} f4
{[%clk 0:00:26]} 35. Bxf4 {[%clk 0:00:22]} g5 {[%clk 0:00:27]} 36. Rxd7
{[%clk 0:00:15]} Rxd7 {[%clk 0:00:26]} 37. Rxd7 {[%clk 0:00:16]} gxf4
{[%clk 0:00:28]} 38. exf4 {[%clk 0:00:18]} a5 {[%clk 0:00:30]} 39. Ra7
{[%clk 0:00:16]} Bc3 {[%clk 0:00:31]} 40. Kg1 {[%clk 0:00:14]} 1-0

[Event "VI Obert Internacional Alberic"]
[Site "Alberic"]
[Date "2018.06.30"]
[Round "1.5"]
[White "Fenollar Jorda, Manuel"]
[Black "Chiloeches Ramon, Jesus"]
[Result "1-0"]
[BlackElo "1700"]
[WhiteElo "2352"]
[LiveChessVersion "1.4.8"]

1. d4 {[%clk 0:07:03]} Nf6 {[%clk 0:07:05]} 2. Nf3 {[%clk 0:07:02]} e6
{[%clk 0:07:05]} 3. e3 {[%clk 0:07:04]} g6 {[%clk 0:07:07]} 4. Be2
{[%clk 0:07:01]} Bg7 {[%clk 0:07:08]} 5. O-O {[%clk 0:07:01]} d5 {[%clk 0:07:08]}
6. c4 {[%clk 0:07:03]} c6 {[%clk 0:07:10]} 7. Nc3 {[%clk 0:07:02]} O-O
{[%clk 0:07:06]} 8. b4 {[%clk 0:06:53]} dxc4 {[%clk 0:06:54]} 9. Bxc4
{[%clk 0:06:54]} Nd5 {[%clk 0:06:56]} 10. Qb3 {[%clk 0:06:47]} Qb6
{[%clk 0:06:45]} 11. Na4 {[%clk 0:06:12]} Qxb4 {[%clk 0:06:18]} 12. Bxd5
{[%clk 0:06:10]} Qxb3 {[%clk 0:06:05]} 13. Bxb3 {[%clk 0:06:10]} Nd7
{[%clk 0:06:01]} 14. Bb2 {[%clk 0:06:09]} Nf6 {[%clk 0:06:02]} 15. Rac1
{[%clk 0:05:57]} Bd7 {[%clk 0:05:56]} 16. Ne5 {[%clk 0:05:55]} Rfd8
{[%clk 0:05:48]} 17. Ba3 {[%clk 0:05:37]} Bf8 {[%clk 0:05:41]} 18. Bxf8
{[%clk 0:05:33]} Kxf8 {[%clk 0:05:43]} 19. Nxd7+ {[%clk 0:05:32]} Rxd7
{[%clk 0:05:44]} 20. Rb1 {[%clk 0:05:26]} b6 {[%clk 0:05:38]} 21. Rfc1
{[%clk 0:05:26]} Rc7 {[%clk 0:05:38]} 22. Rc2 {[%clk 0:05:26]} Rac8
{[%clk 0:05:24]} 23. Rbc1 {[%clk 0:05:28]} Ke7 {[%clk 0:05:17]} 24. f3
{[%clk 0:05:25]} Kd7 {[%clk 0:05:16]} 25. Kf2 {[%clk 0:05:26]} Kd6
{[%clk 0:04:58]} 26. Nc3 {[%clk 0:05:25]} a6 {[%clk 0:04:50]} 27. Ne4+
{[%clk 0:04:57]} Nxe4+ {[%clk 0:04:51]} 28. fxe4 {[%clk 0:04:59]} a5
{[%clk 0:04:25]} 29. e5+ {[%clk 0:04:59]} Kd7 {[%clk 0:04:24]} 30. Rxc6
{[%clk 0:04:32]} b5 {[%clk 0:04:13]} 31. Rxc7+ {[%clk 0:04:29]} Rxc7
{[%clk 0:04:15]} 32. Rxc7+ {[%clk 0:04:30]} Kxc7 {[%clk 0:04:17]} 33. Ke2
{[%clk 0:04:32]} a4 {[%clk 0:04:17]} 34. Bc2 {[%clk 0:04:34]} Kb6
{[%clk 0:04:16]} 35. Kd3 {[%clk 0:04:35]} Ka5 {[%clk 0:04:18]} 36. Kc3
{[%clk 0:04:37]} Kb6 {[%clk 0:04:15]} 37. Kb4 {[%clk 0:04:38]} h6
{[%clk 0:04:09]} 38. Bd3 1-0

[Event "VI Obert Internacional Alberic"]
[Site "Alberic"]
[Date "2018.06.30"]
[Round "1.6"]
[White "Sisternes Morales, Francisco"]
[Black "Kovacevic, Slobodan"]
[Result "0-1"]
[BlackElo "2292"]
[WhiteElo "1685"]
[LiveChessVersion "1.4.8"]

1. e4 {[%clk 0:07:03]} c5 {[%clk 0:07:04]} 2. Nf3 {[%clk 0:07:06]} e6
{[%clk 0:07:06]} 3. c3 {[%clk 0:07:02]} Nc6 {[%clk 0:07:07]} 4. Bc4
{[%clk 0:07:00]} Qc7 {[%clk 0:07:03]} 5. d3 {[%clk 0:06:51]} a6 {[%clk 0:06:59]}
6. Bb3 {[%clk 0:06:52]} Nf6 {[%clk 0:06:58]} 7. O-O {[%clk 0:06:43]} d6
{[%clk 0:06:59]} 8. Nbd2 {[%clk 0:06:23]} b5 {[%clk 0:07:01]} 9. Bc2
{[%clk 0:06:23]} Qb6 {[%clk 0:06:52]} 10. Re1 {[%clk 0:06:22]} Bb7
{[%clk 0:06:48]} 11. Nf1 {[%clk 0:06:22]} Rd8 {[%clk 0:06:48]} 12. Be3
{[%clk 0:06:14]} Qc7 {[%clk 0:06:44]} 13. Bg5 {[%clk 0:06:14]} Be7
{[%clk 0:06:45]} 14. Bxf6 {[%clk 0:06:14]} Bxf6 {[%clk 0:06:46]} 15. Ng3
{[%clk 0:06:01]} g6 {[%clk 0:06:43]} 16. Rb1 {[%clk 0:05:52]} O-O
{[%clk 0:06:39]} 17. Rc1 {[%clk 0:05:36]} Qb6 {[%clk 0:06:35]} 18. Re2
{[%clk 0:05:12]} Rd7 {[%clk 0:06:28]} 19. Qd2 {[%clk 0:05:13]} Rfd8
{[%clk 0:06:21]} 20. Rce1 {[%clk 0:05:07]} Bg7 {[%clk 0:06:17]} 21. e5
{[%clk 0:04:51]} Nxe5 {[%clk 0:06:15]} 22. Nxe5 {[%clk 0:04:51]} dxe5
{[%clk 0:06:10]} 23. Ne4 {[%clk 0:04:25]} Qc6 {[%clk 0:06:07]} 24. f3
{[%clk 0:04:14]} c4 {[%clk 0:06:01]} 25. Qg5 {[%clk 0:03:51]} cxd3
{[%clk 0:05:55]} 26. Bxd3 {[%clk 0:03:29]} Rxd3 {[%clk 0:05:57]} 27. Nf6+
{[%clk 0:03:26]} Bxf6 {[%clk 0:05:47]} 28. Qxf6 {[%clk 0:03:27]} Qc5+
{[%clk 0:05:43]} 29. Kh1 {[%clk 0:03:23]} Rd2 {[%clk 0:05:42]} 30. Rxe5
{[%clk 0:03:11]} Qf2 {[%clk 0:05:33]} 31. R5e2 {[%clk 0:02:44]} Qxe2
{[%clk 0:05:13]} 0-1

[Event "VI Obert Internacional Alberic"]
[Site "Alberic"]
[Date "2018.06.30"]
[Round "1.7"]
[White "Marin Corresa, Arturo"]
[Black "Domenech Briz, Vicente"]
[Result "1-0"]
[BlackElo "1458"]
[WhiteElo "2070"]
[LiveChessVersion "1.4.8"]

1. e4 {[%clk 0:07:02]} e5 {[%clk 0:07:05]} 2. Nf3 {[%clk 0:07:02]} Nc6
{[%clk 0:07:07]} 3. Bb5 {[%clk 0:07:02]} a6 {[%clk 0:07:08]} 4. Ba4
{[%clk 0:07:04]} Nf6 {[%clk 0:07:08]} 5. O-O {[%clk 0:06:53]} b5 {[%clk 0:07:09]}
6. Bb3 {[%clk 0:06:54]} Bc5 {[%clk 0:06:58]} 7. c3 {[%clk 0:06:51]} O-O
{[%clk 0:06:55]} 8. d4 {[%clk 0:06:41]} exd4 {[%clk 0:06:48]} 9. cxd4
{[%clk 0:06:36]} Be7 {[%clk 0:06:35]} 10. e5 {[%clk 0:06:32]} Ne8
{[%clk 0:05:55]} 11. Nc3 {[%clk 0:05:59]} d6 {[%clk 0:05:50]} 12. Bd5
{[%clk 0:05:17]} Bd7 {[%clk 0:05:35]} 13. Be3 {[%clk 0:04:47]} Rb8
{[%clk 0:05:22]} 14. Rc1 {[%clk 0:04:25]} Na5 {[%clk 0:05:09]} 15. b3
{[%clk 0:03:51]} c6 {[%clk 0:04:46]} 16. Be4 {[%clk 0:03:50]} d5 {[%clk 0:04:32]}
17. Bb1 {[%clk 0:03:51]} Ba3 {[%clk 0:04:10]} 18. Qd3 {[%clk 0:03:07]} g6
{[%clk 0:03:45]} 19. Rcd1 {[%clk 0:02:45]} Bf5 {[%clk 0:03:28]} 20. Qe2
{[%clk 0:02:46]} Ng7 {[%clk 0:03:15]} 21. Bg5 {[%clk 0:02:44]} Qc7
{[%clk 0:02:55]} 22. Bf6 {[%clk 0:02:43]} Nh5 {[%clk 0:02:38]} 23. Bxf5
{[%clk 0:02:42]} gxf5 {[%clk 0:02:29]} 24. Ng5 {[%clk 0:02:23]} Nxf6
{[%clk 0:02:20]} 25. exf6 {[%clk 0:02:25]} Qf4 {[%clk 0:02:12]} 26. Qh5
{[%clk 0:02:25]} 1-0

[Event "VI Obert Internacional Alberic"]
[Site "Alberic"]
[Date "2018.06.30"]
[Round "2.1"]
[White "Apolo Sanchez, Manuel"]
[Black "Plaskett, H James"]
[Result "0-1"]
[BlackElo "2455"]
[WhiteElo "1934"]
[LiveChessVersion "1.4.8"]

1. d4 {[%clk 0:07:03]} Nf6 {[%clk 0:07:03]} 2. Nc3 {[%clk 0:07:03]} d5
{[%clk 0:07:03]} 3. Bg5 {[%clk 0:07:03]} Nbd7 {[%clk 0:07:03]} 4. Qd3
{[%clk 0:07:03]} e6 {[%clk 0:07:03]} 5. e4 {[%clk 0:07:03]} Be7 {[%clk 0:07:05]}
6. O-O-O {[%clk 0:04:42]} dxe4 {[%clk 0:06:36]} 7. Nxe4 {[%clk 0:04:41]} Nxe4
{[%clk 0:06:28]} 8. Bxe7 {[%clk 0:04:42]} Nxf2 {[%clk 0:06:13]} 9. Qg3
{[%clk 0:03:36]} Qxe7 10. Qxf2 {[%clk 0:03:37]} O-O {[%clk 0:06:14]} 11. Bd3
{[%clk 0:03:39]} b6 {[%clk 0:06:03]} 12. Nf3 {[%clk 0:03:39]} Bb7
{[%clk 0:06:05]} 13. h4 {[%clk 0:03:26]} c5 {[%clk 0:05:26]} 14. Qe2
{[%clk 0:02:43]} Nf6 {[%clk 0:05:02]} 15. g4 {[%clk 0:02:43]} cxd4
{[%clk 0:05:00]} 16. g5 {[%clk 0:02:32]} Nd5 {[%clk 0:04:53]} 17. Qe4
{[%clk 0:02:24]} f5 {[%clk 0:04:42]} 18. Qxd4 {[%clk 0:01:45]} Nb4
{[%clk 0:04:25]} 19. Qf2 {[%clk 0:00:28]} Rac8 {[%clk 0:04:22]} 20. Rhe1
{[%clk 0:00:23]} Nxd3+ {[%clk 0:04:20]} 21. Rxd3 {[%clk 0:00:25]} Be4
{[%clk 0:04:22]} 22. Rd2 {[%clk 0:00:17]} e5 {[%clk 0:04:24]} 23. h5
{[%clk 0:00:11]} Rc5 {[%clk 0:04:15]} 24. g6 {[%clk 0:00:13]} Rfc8
{[%clk 0:04:10]} 25. c3 Ra8 0-1

[Event "VI Obert Internacional Alberic"]
[Site "Alberic"]
[Date "2018.06.30"]
[Round "2.2"]
[White "Granero Roca, Antonio"]
[Black "Martinez Gil, Joaquin"]
[Result "1-0"]
[BlackElo "1922"]
[WhiteElo "2390"]
[LiveChessVersion "1.4.8"]

1. Nf3 {[%clk 0:07:01]} Nf6 {[%clk 0:07:04]} 2. g3 {[%clk 0:07:03]} g6
{[%clk 0:07:06]} 3. Bg2 {[%clk 0:07:04]} Bg7 {[%clk 0:07:08]} 4. c4
{[%clk 0:07:04]} d6 {[%clk 0:07:09]} 5. O-O {[%clk 0:07:05]} O-O {[%clk 0:07:10]}
6. Nc3 {[%clk 0:07:06]} Nbd7 {[%clk 0:07:09]} 7. d3 {[%clk 0:07:07]} c6
{[%clk 0:07:05]} 8. Rb1 {[%clk 0:07:08]} e5 {[%clk 0:07:00]} 9. b4
{[%clk 0:06:55]} Nh5 {[%clk 0:06:33]} 10. b5 {[%clk 0:06:50]} Qc7
{[%clk 0:06:33]} 11. Ba3 {[%clk 0:06:27]} Re8 {[%clk 0:06:00]} 12. Nd2
{[%clk 0:06:09]} Nhf6 {[%clk 0:05:17]} 13. bxc6 {[%clk 0:06:01]} bxc6
{[%clk 0:05:18]} 14. Qa4 {[%clk 0:05:48]} Bb7 {[%clk 0:05:13]} 15. Rxb7
{[%clk 0:05:31]} Qxb7 {[%clk 0:05:15]} 16. Bxc6 {[%clk 0:05:32]} Qc8
{[%clk 0:05:06]} 17. Bxa8 {[%clk 0:04:53]} Qxa8 {[%clk 0:05:06]} 18. Bxd6
{[%clk 0:04:50]} Nb6 {[%clk 0:04:57]} 19. Qa3 {[%clk 0:04:45]} h5
{[%clk 0:04:06]} 20. Nde4 {[%clk 0:04:36]} Nxe4 {[%clk 0:03:57]} 21. Nxe4
{[%clk 0:04:36]} f5 {[%clk 0:03:46]} 22. Nd2 {[%clk 0:04:02]} Bh6
{[%clk 0:03:33]} 23. Qb2 {[%clk 0:03:52]} Qc6 {[%clk 0:03:22]} 24. c5
{[%clk 0:03:49]} Na4 {[%clk 0:02:55]} 25. Qb3+ {[%clk 0:03:50]} Kh7
{[%clk 0:02:52]} 26. Qf7+ {[%clk 0:03:46]} 1-0

[Event "VI Obert Internacional Alberic"]
[Site "Alberic"]
[Date "2018.06.30"]
[Round "2.3"]
[White "Paris Turegano, Javier"]
[Black "Diaz Velandia, Jose Manuel"]
[Result "0-1"]
[BlackElo "2359"]
[WhiteElo "1905"]
[LiveChessVersion "1.4.8"]

1. Nc3 {[%clk 0:07:03]} c5 {[%clk 0:07:05]} 2. d4 {[%clk 0:07:03]} cxd4
{[%clk 0:07:07]} 3. Qxd4 {[%clk 0:07:04]} Nc6 {[%clk 0:07:09]} 4. Qh4
{[%clk 0:07:04]} Nf6 {[%clk 0:07:09]} 5. Bg5 {[%clk 0:07:04]} d6 {[%clk 0:06:55]}
6. e4 {[%clk 0:06:59]} h6 {[%clk 0:06:31]} 7. Nf3 {[%clk 0:06:45]} Qa5
{[%clk 0:06:30]} 8. Bxf6 {[%clk 0:06:16]} gxf6 {[%clk 0:06:31]} 9. Bc4
{[%clk 0:06:08]} h5 {[%clk 0:06:21]} 10. h3 {[%clk 0:05:54]} Rg8 {[%clk 0:06:18]}
11. O-O-O {[%clk 0:04:43]} Rxg2 {[%clk 0:05:35]} 12. Rd5 {[%clk 0:04:43]} Qb6
{[%clk 0:04:56]} 13. Qxh5 {[%clk 0:03:54]} e6 {[%clk 0:04:57]} 14. Rd2
{[%clk 0:03:47]} Rxf2 {[%clk 0:04:10]} 15. Rxf2 {[%clk 0:03:49]} Qxf2
{[%clk 0:04:10]} 16. Nb5 {[%clk 0:03:51]} Rb8 {[%clk 0:03:34]} 17. Rd1
{[%clk 0:03:31]} Qc5 {[%clk 0:03:05]} 18. Qxc5 {[%clk 0:03:30]} dxc5
{[%clk 0:03:07]} 19. Nd6+ {[%clk 0:02:27]} Bxd6 {[%clk 0:02:45]} 20. Rxd6
{[%clk 0:02:29]} Ke7 {[%clk 0:02:47]} 21. Rd2 {[%clk 0:02:24]} Bd7
{[%clk 0:02:45]} 22. h4 {[%clk 0:02:06]} Rh8 {[%clk 0:02:43]} 23. Rh2
{[%clk 0:02:02]} Ne5 {[%clk 0:02:31]} 24. Nxe5 {[%clk 0:01:59]} fxe5
{[%clk 0:02:33]} 25. Kd2 {[%clk 0:01:56]} f5 {[%clk 0:02:35]} 26. Ke3
{[%clk 0:01:45]} Bc6 {[%clk 0:02:33]} 27. Bd3 {[%clk 0:01:41]} c4
{[%clk 0:02:30]} 28. Bxc4 {[%clk 0:01:38]} Bxe4 {[%clk 0:02:31]} 29. Bd3
{[%clk 0:01:33]} Bc6 {[%clk 0:02:33]} 30. b4 {[%clk 0:01:25]} b6 {[%clk 0:02:32]}
31. c4 {[%clk 0:01:21]} Kf6 {[%clk 0:02:30]} 32. c5 {[%clk 0:01:21]} bxc5
{[%clk 0:02:31]} 33. bxc5 {[%clk 0:01:23]} f4+ {[%clk 0:02:33]} 34. Kf2
{[%clk 0:01:21]} e4 {[%clk 0:02:35]} 35. Bc4 {[%clk 0:01:13]} Rh6
{[%clk 0:02:29]} 36. Rh3 {[%clk 0:01:06]} Rh5 {[%clk 0:02:31]} 37. Bb3
{[%clk 0:01:01]} e3+ {[%clk 0:02:32]} 38. Ke2 {[%clk 0:00:56]} e5
{[%clk 0:02:26]} 39. Bc2 {[%clk 0:00:35]} e4 {[%clk 0:02:28]} 40. Bb3
{[%clk 0:00:30]} Bb5+ 41. Ke1 {[%clk 0:00:27]} f3 {[%clk 0:02:32]} 0-1